000 00545nam a2200181Ia 4500
005 20250326123507.0
008 250326s9999 xx 000 0 und d
037 _aTextbook
040 _aFMSL
_beng
_cFMSL
041 _aeng
_2eng
084 _aX:8obL P3
_qFMSL
100 _aKazandjian V A
_9735294
245 0 _aAccountability through measurement : global healthcare imperative
_cKazandjian V A
260 _aWisconsin
_bWisconsin, ASQ Quality
_c2003
300 _a353p
942 _cTB
_hX:8obL P3
999 _c1269602
_d1269602